000 00663nam a2200277Ia 4500
005 20260324121811.0
008 008 260324s9999 xx 000 0 eng d
020 _a9780203127858
037 _aEBOOK
040 _aCRL
040 _beng
040 _cCRL
041 _2eng
041 _aeng
084 _qCRL
100 _aSarah Baker; Andy Bennett; Jodie Taylor
_91163927
245 0 _aRedefining Mainstream Popular Music
260 _bTaylor and Francis
260 _c2013
365 _a
365 _b230
856 _uhttp://www.taylorfrancis.com/books/9780203127858
942 _cEBOOK
999 _c1756243
_d1756243